| 000 | 00591nam a2200217Ia 4500 | ||
|---|---|---|---|
| 003 | BUBTL | ||
| 008 | 151213s9999 xx 000 0 und d | ||
| 020 | _a81-259-1683-0 | ||
| 082 | _a346.07 / K9524m / 2005 | ||
| 100 |
_a Kuchhal, M. C. _9134 |
||
| 245 |
_aMercantile Law/ _cM.C.Kuchhal |
||
| 250 | _a6th ed. | ||
| 260 |
_aNew Delhi : _bVikas Publishing House Pvt Ltd, _cc2005. |
||
| 300 |
_axxviii,660 p . : _c21 cm. |
||
| 500 | _aIncludes Index . | ||
| 650 | _aLaw | ||
| 650 |
_aLaw _94244 |
||
| 856 |
_k0 _l0 _yDownload |
||
| 942 |
_2ddc _cBK |
||
| 999 |
_c3391 _d3391 |
||